000 00564nam a22002057a 4500
003 OSt
005 20140310182817.0
008 130301t xxu||||| |||| 00| 0 eng d
020 _a9814119210
050 _aQA 303
_b.L533 1996
082 _aM 515.15
_bL53 1996
245 _aThe calculus 7 /
_cLeithold, Louis
260 _aNew York
_bHarper Collins College Pub.
_c1996
300 _axxiv, 1192, 192, 10 p. :
_cill. (some col.) ;
_b26 cm.
521 _aCollege Students
526 _c1210L-1700L
541 _j1
562 _e1
942 _2lcc
_cBK
_kM
999 _c16310
_d16310